000 00970cab a2200193 4500
001 L136435
008 070131n2006 000 0 eng u
035 _a(Sirsi) u136435
041 0 _aeng
050 0 4 _a347.4104 $2 18
110 1 _aUnited Kingdom
_bDepartment for Communities and Local Government
_94939
245 0 0 _aValuation tribunals
_bappeals direct for council tax
_h[electronic resource]
260 _aLondon
_bDCLG
_c2006
520 _aSeeks views on proposals to introduce a clearer, more customer-friendly and more efficient system for the handling by the Valuation Office Agency and valuation tribunals of appeals against council tax bandings in England. Consultation closes on 28 February 2007.
651 4 _aEngland
_y886-
690 _aPROPERTY-PROPERTY APPRAISAL AND VALUATION-TAXATION VALUATION
856 _uhttps://www.communities.gov.uk/index.asp?id=1504857
_zView the consultation paper free of charge at www.communities.gov.uk...
942 _n0
999 _c106392
_d106392